000
00271nam a2200109Ia 4500
008
200302s9999 xx 000 0 und d
100
_a
Adams Morioka & Other
245
_a
Colour Design Work Book
260
_b
Rockport Publishers Inc.,
260
_c
2008
300
_a
240 P.,
999
_c
2596
_d
2596